000
00219nam a22001097a 4500
082
_a
627.98WIL
100
_a
Wilon James F
245
_a
Dynamics :
260
_a
New York
_b
John Wily
_c
1984
300
_a
546
942
_c
BK
999
_c
14824
_d
14824